000 00621nam a2200205Ia 4500
003 OSt
005 20260330124801.0
008 260330b |||||||| |||| 00| 0 eng d
037 _aBook to be hide in OPAC
040 _aFEDL
_beng
_cFEDL
041 _aeng
_2eng
082 _a370.954, COB/O
084 _qFEDL
245 0 _aCouncil of boards of school education in India
300 _a144p.
546 _aIssued at the Nineteenth annual conference of Cobse Nainital : 17-19 September, 1990
650 _aEducation
942 _cHB
_h370.954, COB/O
_2ddc
999 _c1383316
_d1383316